000 01431cam a22003497a 4500
003 CHAP
005 20220329142356.0
008 001013d1999 mx rs o00110 spa d
010 _a82580
011 _a83552
020 _a97013 27284
035 _a94065
040 _cCHAP
082 _a312.0972
_bI59 Dgo. 1997
110 2 _aInstituto Nacional de Estadística, Geografía e Informática. México
_959304
245 0 _aEncuesta nacional de la dinámica demográfica 1997
_b: Durango
_cInstituto Nacional de Estadística, Geografía e Informática.
260 _aAguascalientes, Ags. :
_bInstituto Nacional de Estadística, Geografía e Informática,
_cc.1999-
300 _av. :
_bgráfs. ; cuadros.
500 _aLa biblioteca tiene : v.1 Panorama sociodemográfico
590 _aBATCH-UPD
_b10
_c20130110
_lUCH01
_h0647
590 _aBATCH-UPD
_b10
_c20130410
_lUCH01
_h0332
590 _aBATCH-UPD
_b10
_c20130914
_lUCH01
_h1924
590 _aCONVERSION
_b10
_c20130109
_lUCH01
_h1346
650 1 4 _aDurango
_xCondiciones sociales.
_934556
650 1 4 _aPoblación
_xEstadísticas
_zDurango.
_989378
650 1 4 _aPoblación
_zDurango.
_989421
901 _aBK
905 _aPatricia Mendoza P.
942 _cLIBRO
949 _a312.0972 I59 Dgo. 1997
_bBC
_cINEGI
_d33724000790374
_eINEGI
_fv.1 c.2
_h99315
_i94065
_kDonaciØn
_si
949 _a312.0972 I59 Dgo. 1997
_bBC
_cINEGI
_d33724000805420
_eINEGI
_fv.1
_h98734
_i94065
_kDonaciØn
_sb
999 _c82580
_d82580